000 00610nam a2200241Ia 4500
003 OSt
005 20221005131458.0
006 a|||||r|||| 00| 0
007 ta
008 221004b |||||||| |||| 00| 0 eng d
024 _a58150
037 _cTextual
040 _aCRL
_cCRL
_beng
041 _2eng
_aeng
082 _aV2:241pN56j, J6
110 _aIndian National Congress. 1956.
_9639658
245 0 _aSouvenir
260 _c1956
650 _aHISTORY
700 _aIndian National Congress. 1956.
_9639659
942 _hV2:241pN56j, J6
_cTEXL
_2cc
999 _c1060474
_d1060474